Siete sábados en que se celebran siete de las principales fiestas de nuestra señora la Virgen María...

Detalles Bibliográficos
Autor principal: VILLEGAS De LA BLANCA, Antonio Claudio
Formato: Libro
Publicado: Puebla 1842
Materias:
Colección:Banco de datos
Acervo:Biblioteca del Convento de Santa Mónica de la Ciudad de Puebla. Puebla
Tema general:Mariología
Notas:Regular. C3, 7.
LEADER 00690nam a22001930004500
035 |a 51046 
036 |a 814 
100 1 |a VILLEGAS De LA BLANCA, Antonio Claudio 
245 1 0 |a Siete sábados en que se celebran siete de las principales fiestas de nuestra señora la Virgen María... 
260 |a Puebla  |b imp. Juan N. del Valle  |c 1842 
500 |a Regular. C3, 7. 
650 1 0 |a Mariología 
949 |a CRP 
959 |a Ex convento de Santa Mónica. Puebla, Puebla  |b CCC5 
960 |a Convento de Santa Mónica de la ciudad de Puebla  |b DD88 
961 |a Franciscana  |b OF 
942 |c CRP-SM 
943 |g Biblioteca del Convento de Santa Mónica de la Ciudad de Puebla. Puebla 
999 |c 961384  |d 961384